Nhìn và đo bằng phương tiện quang học

保存先:
書誌詳細
第一著者: Nguyễn Nghĩa
フォーマット: 図書
言語:Undetermined
出版事項: Hà Nội Quân đội nhân dân 1979
主題:
タグ: タグ追加
タグなし, このレコードへの初めてのタグを付けませんか!
Thư viện lưu trữ: Trung tâm Học liệu Trường Đại học Cần Thơ
LEADER 00492nam a2200169Ia 4500
001 CTU_2030
008 210402s9999 xx 000 0 und d
082 |a 526.9 
082 |b Ngh301 
100 |a Nguyễn Nghĩa 
245 0 |a Nhìn và đo bằng phương tiện quang học 
245 0 |c Nguyễn Nghĩa 
260 |a Hà Nội 
260 |b Quân đội nhân dân 
260 |c 1979 
650 |a surveying 
980 |a Trung tâm Học liệu Trường Đại học Cần Thơ